Personnages de The Handmaid's Tale par images - Statistiques

Statistiques générales
  • Ce quiz a été pris 74 fois
  • Le résultat moyen est 9 sur 16
Statistiques - réponses
Par images Réponse % Correct
June Osborne
95%
Serena Waterford
83%
Fred Waterford
78%
Nick Blaine
78%
Tante Lydia
78%
Moira Strand
73%
Hannah Osborne
70%
Janine Lindo
65%
Luke Bankole
65%
Emily Malek
55%
Joseph Lawrence
48%
Rita Blue
40%
Esther Keyes
22%
Warren Putnam
22%
Naomi Putnam
20%
Eleanor Lawrence
18%
Aucun quiz correspondant
Distribution des résultats
% des personnes avec chaque résultat
Percentile par nombre de réponses
Votre historique - résultats
Vous n’avez pas pris ce quiz